000 nam a22 a 4500
999 _c425339
_d425339
003 BLK
005 20211110102607.0
008 210727b bul|||||r ||||||| ||bul||
040 _aBLK
041 _aBUL
_cBUL
080 _aФренска литература
_b821.133.1
_x-31
_z821.133.1-31
100 1 _999119
_aМориак, Франсоа
_eпърви автор
139 _aМориак, Франсоа
245 1 0 _aОтровителка
_cФрансоа Мориак ; Прев. от фр. М. Юрукова-Дамова
260 _aСофия
_bГеорги Д. Юруков
_c1939
_f(София : Гладстон)
_9460264
300 _a117, VI с.
_c20 см
380 _aX
490 _9205795
_aМозайка от знаменити съвременни романи
_vГ. XXVII, кн. 5
700 _9373084
_aЮрукова-Дамова, Мара Данаилова
_eпрев.
852 _aЦб 8.200.2721
_bЦб
942 _cKNG
_n0
_s1
944 _aCR
_c2021-07-27
_kГГГ
999 _d425339
999 _d425339